Представление документа в формате MARC21

Поле Инд. ПП Название Значение
Тип записи a
Библиографический уровень m
001 Контрольный номер a3b4ab65-0d1a-4148-bc8b-f4b558e95001
005 Дата корректировки 20140703152044.1
008 Кодируемые данные 070123
020 c Цена, тираж б/ц
040 a Служба первич. каталог. НБ ТвГУ
041 a Код языка текста rus
080 a Индекс УДК 316.334.4(043.3)
084 a Индекс другой классификации/Индекс ББК С027.1я031
a Индекс другой классификации/Индекс ББК С561.4я031
090 a Полочн. индекс С027.1
x Авторский знак И33
100 1_ a Автор Извеков Кирилл Владимирович
245 10 a Заглавие Правовое государство - гарант безопасности личности: социально-философский анализ
b Продолж. заглавия дис. ... канд. филос. наук : 09.00.11
260 1_ a Место издания Саранск
c Дата издания 2006
300 a Объем 139 с.
500 a Примечание На правах рукоп.
502 a Примечание о диссертации Дис.(канд.).
504 a Библиография Библиогр.: с. 130-139 и в подстроч. примеч.
583 a Действие Получение впервые 2 23.01.2007
650 a Основная рубрика Гражданское общество
x Основная подрубрика Права человека
x Основная подрубрика Правовые институты
x Основная подрубрика Социальная философия
650 a Основная рубрика Правовая культура
x Основная подрубрика Социология
653 a Ключевые слова Безопасность личности
a Ключевые слова Гражданское общество
a Ключевые слова Диссертации
a Ключевые слова Защита прав человека
a Ключевые слова Права человека
a Ключевые слова Правовая культура
a Ключевые слова Правовое государство
a Ключевые слова Правовые институты
a Ключевые слова Социальная философия
a Ключевые слова Социология права
a Ключевые слова Философия права
852 t Порядковый номер экземпляра 1
p Инвентарный номер б/н
888 a Бесплатные
930 a Новая/Ретро диссертации
952 p 2.2007 б/ц 1 б/н
c Вид литературы Дис н
954 a Дата поступления на обработку 20070129
999 a Подразделение 2 ч.з.